Statistiche per Bandiere del mondo in bianco e nero - Quiz n°2

Clicka qui per fare il quiz!

Statistiche generali

  • Questo quiz è stato fatto 12 volte
  • Il punteggio medio è 12 su 16

Statistiche sulle risposte

Risposta% Corretto
Bielorussia
100%
Israele
100%
Pakistan
91%
Brasile
82%
Filippine
82%
Liberia
82%
Uganda
82%
Kiribati
73%
Nicaragua
73%
Sudan
73%
Capo Verde
64%
Saint Kitts e Nevis
64%
Vanuatu
64%
Togo
55%
Ungheria
45%
Armenia
36%

Distribuzione punteggi

Percentile per numero di risposta

Percentuale di utenti per punteggio

I tuoi punteggi nel tempo

Non hai fatto questo quiz